000 00325nam a22001337a 4500
020 _a9780071333108
040 _cNUST
082 _a621.381
_bARA
100 _aAradhya H.v ,Ravish
_9123467
245 _aBasic Electronics
260 _aLondon:
_bMcGraw Hill,
_c2013.
650 _aBasic Electronics
_956078
942 _2ddc
_cBK
999 _c609649
_d609649